000 00506cam a22002051 4500
001 sa 65000570
003 DLC
005 20260227112103.0
008 890425s1962 ii c 000 0 orio
010 _asa 65000570
035 _a(OCoLC)19601914
040 _aDLC
_cWaU
_dDLC
042 _apremarc
050 0 0 _aPK2579
_b.R6 1962
100 1 _aRoy, Radhanath,
_d1848-1908.
245 1 0 _aRādhānāthagranthābaḷī.
260 _c1962.
300 _a18, 494 p.
_bport.
_c25 cm.
500 _aIn Oriya.
999 _c61616
_d61616